[Event "GER-chT U12"]
[Site "Muenchen"]
[Date "2022.12.29"]
[Round "5"]
[White "Ramming, Moritz"]
[Black "Cao, Yuanshu"]
[Result "1-0"]
[WhiteElo "1634"]
[BlackElo "1489"]
[PlyCount "93"]
[EventDate "2022.12.26"]
[EventType "team-swiss"]
[EventRounds "7"]
[EventCountry "GER"]
[SourceTitle "CBM 212 Extra"]
[Source "ChessBase"]
[SourceDate "2023.03.31"]
[SourceVersion "1"]
[SourceVersionDate "2023.03.31"]
[SourceQuality "1"]
[WhiteTeam "Kelheim"]
[BlackTeam "Paderborn Akademie"]
[WhiteTeamCountry "GER"]
[BlackTeamCountry "GER"]

1. e4 e6 2. d4 d5 3. e5 c5 4. c3 Qb6 5. Nf3 Nc6 6. Be2 cxd4 7. cxd4 Nh6 8. 0-0 Nf5 9. Be3 Qxb2 10. Nbd2 Nfxd4 11. Nxd4 Nxd4 12. Qa4+ Nc6 13. Rac1 Qxe5 14. Rxc6 Bd7 15. Bb5 bxc6 16. Bxc6 Rd8 17. Rc1 Qd6 18. Nf3 Be7 19. Bf4 e5 20. Nxe5 Bg5 21. Bxd7+ Rxd7 22. Bxg5 f6 23. Nxd7 fxg5 24. Rc8+ Ke7 25. Rxh8 h5 26. Ne5 Kf6 27. Qd4 Ke7 28. Nc6+ Kf7 29. Nd8+ Kg6 30. Qd3+ Kf6 31. Qc3+ Kg6 32. Qc6 Qxc6 33. Nxc6 Kf5 34. Rxh5 g6 35. Rh3 Kf4 36. Rf3+ Ke4 37. Re3+ Kf4 38. g3+ Kg4 39. f3+ Kh5 40. g4+ Kh6 41. Re7 d4 42. Ne5 d3 43. Kf2 d2 44. Ke2 d1Q+ 45. Kxd1 a5 46. Nd7 a4 47. Nf8 1-0